Historia de las instituciones políticas y sociales de chile

שמור ב:
מידע ביבליוגרפי
מחבר ראשי: Eyzaguirre Gutiérrez, Jaime (autor)
פורמט: ספר
שפה:ספרדית
יצא לאור: Santiago Universitaria 1989
מהדורה:9a. ed
סדרה:Colección Imagen de Chile
נושאים:
תגים: הוספת תג
אין תגיות, היה/י הראשונ/ה לתייג את הרשומה!

MARC

LEADER 00000nam a2200000 a 4500
001 UCH4022
003 CL-VaPUC
008 090818e19890000CL |||||||||||||||||spa|d
082 0 4 |a 983  |b EYZ  |2 21 
100 |a Eyzaguirre Gutiérrez, Jaime  |e autor  |9 584583 
245 1 0 |a Historia de las instituciones políticas y sociales de chile 
250 |a 9a. ed 
300 |a 212 p 
942 |c BK 
945 |d 20090818 00:00:00  |a lazolas 
260 |a Santiago  |b Universitaria  |c 1989 
650 0 |a Historia de Chile   |9 322385 
650 7 |a ESTRUCTURA SOCIAL  |2 CL-VaPUC  |9 539483 
650 0 |a Formas de gobierno  |9 255257 
650 7 |a INSTITUCIONES DE CIENCIAS SOCIALES  |2 CL-VaPUC  |9 335850 
650 0 |a Instituciones políticas  |9 255506 
650 0 |a Partidos políticos  |9 254999 
651 7 |a CHILE  |2 CL-VaPUC  |9 539484 
583 |a last modification  |c 20160829 04:45:31  |k Rodrigo Vera 
490 0 |a Colección Imagen de Chile 
999 |c 335376  |d 335374